<?xml version="1.0" encoding="UTF-8"?>
<record
    xmlns:xsi="http://www.w3.org/2001/XMLSchema-instance"
    xsi:schemaLocation="http://www.loc.gov/MARC21/slim http://www.loc.gov/standards/marcxml/schema/MARC21slim.xsd"
    xmlns="http://www.loc.gov/MARC21/slim">

  <leader>02765nam a2200445 i 4500</leader>
  <controlfield tag="001">19719</controlfield>
  <controlfield tag="003">FINmELB</controlfield>
  <controlfield tag="005">20241216213804.0</controlfield>
  <controlfield tag="006">m     o  u        </controlfield>
  <controlfield tag="007">cr cn|||||||||</controlfield>
  <controlfield tag="008">220125s2017    mx bo  fob    000 0 spa d</controlfield>
  <datafield tag="020" ind1=" " ind2=" ">
    <subfield code="z">9786076280683</subfield>
  </datafield>
  <datafield tag="020" ind1=" " ind2=" ">
    <subfield code="a">9786076281918</subfield>
    <subfield code="q">(e-book)</subfield>
  </datafield>
  <datafield tag="035" ind1=" " ind2=" ">
    <subfield code="a">(OCoLC)1298601561</subfield>
  </datafield>
  <datafield tag="040" ind1=" " ind2=" ">
    <subfield code="a">FINmELB</subfield>
    <subfield code="b">spa</subfield>
    <subfield code="e">rda</subfield>
    <subfield code="c">FINmELB</subfield>
  </datafield>
  <datafield tag="043" ind1=" " ind2=" ">
    <subfield code="a">cl-----</subfield>
  </datafield>
  <datafield tag="050" ind1=" " ind2="4">
    <subfield code="a">HN110.5.A8</subfield>
    <subfield code="b">E883 2017</subfield>
  </datafield>
  <datafield tag="082" ind1="0" ind2="4">
    <subfield code="a">320.1098</subfield>
    <subfield code="2">23</subfield>
  </datafield>
  <datafield tag="245" ind1="0" ind2="0">
    <subfield code="a">Estado y sociedad en Am&#xE9;rica Latina :</subfield>
    <subfield code="b">acercamientos relacionales /</subfield>
    <subfield code="c">Viviane Brachet-M&#xE1;rquez y M&#xF3;nica Uribe G&#xF3;mez (Coordinadoras).</subfield>
  </datafield>
  <datafield tag="250" ind1=" " ind2=" ">
    <subfield code="a">Primera edici&#xF3;n.</subfield>
  </datafield>
  <datafield tag="264" ind1=" " ind2="1">
    <subfield code="a">Ciudad de M&#xE9;xico :</subfield>
    <subfield code="b">El Colegio de M&#xE9;xico, Centro de Estudios Sociol&#xF3;gicos,</subfield>
    <subfield code="c">2017.</subfield>
  </datafield>
  <datafield tag="300" ind1=" " ind2=" ">
    <subfield code="a">1 recurso en l&#xED;nea (391 p&#xE1;ginas) :</subfield>
    <subfield code="b">mapas, fotograf&#xED;as en blanco y negro</subfield>
  </datafield>
  <datafield tag="336" ind1=" " ind2=" ">
    <subfield code="a">texto</subfield>
    <subfield code="b">txt</subfield>
    <subfield code="2">rdacontent/spa</subfield>
  </datafield>
  <datafield tag="337" ind1=" " ind2=" ">
    <subfield code="a">computadora</subfield>
    <subfield code="b">c</subfield>
    <subfield code="2">rdamedia/spa</subfield>
  </datafield>
  <datafield tag="338" ind1=" " ind2=" ">
    <subfield code="a">recurso en l&#xED;nea</subfield>
    <subfield code="b">cr</subfield>
    <subfield code="2">rdacarrier/spa</subfield>
  </datafield>
  <datafield tag="504" ind1=" " ind2=" ">
    <subfield code="a">Incluye bibliograf&#xED;a: p&#xE1;ginas 384-390.</subfield>
  </datafield>
  <datafield tag="505" ind1="0" ind2="0">
    <subfield code="g">&#xCD;ndice --</subfield>
    <subfield code="t">Introducci&#xF3;n: Estado y sociedad en clave relacional /</subfield>
    <subfield code="r">Viviane Brachet-M&#xE1;rquez y M&#xF3;nica Uribe G&#xF3;mez --</subfield>
    <subfield code="g">I.</subfield>
    <subfield code="t">Resistencia y represi&#xF3;n: la violencia pol&#xED;tica en Oaxaca /</subfield>
    <subfield code="r">Marco Estrada Saavedra --</subfield>
    <subfield code="g">II.</subfield>
    <subfield code="t">Contiendas, trans-acciones y decisiones: pol&#xED;ticas de salud en M&#xE9;xico y Colombia /</subfield>
    <subfield code="r">M&#xF3;nica Uribe G&#xF3;mez --</subfield>
    <subfield code="g">III.</subfield>
    <subfield code="t">Contienda pol&#xED;tica y pacto de dominaci&#xF3;n: El Partido dos Trabalhadores y el cambio pol&#xED;tico en Brasil /</subfield>
    <subfield code="r">Tania Rodr&#xED;guez Mora --</subfield>
    <subfield code="t">IV.</subfield>
    <subfield code="t">La dimensi&#xF3;n cotidiana de formaci&#xF3;n del Estado en el Pac&#xED;fico Colombiano /</subfield>
    <subfield code="r">Marta Dom&#xED;nguez --</subfield>
    <subfield code="g">V.</subfield>
    <subfield code="t">Territorio, formaci&#xF3;n del Estado y soberan&#xED;as fragmentadas en Guatemala /</subfield>
    <subfield code="r">Matilde Gonz&#xE1;lez-Iz&#xE1;s --</subfield>
    <subfield code="g">VI.</subfield>
    <subfield code="t">La formaci&#xF3;n del Estado y de la sociedad en Am&#xE9;rica Latina: un acercamiento relacional /</subfield>
    <subfield code="r">Viviane Brachet-Marquez --</subfield>
    <subfield code="g">VII.</subfield>
    <subfield code="t">Representantes del Estado: la formaci&#xF3;n hist&#xF3;rica de las clases medias en Colombia, 1958-1965 /</subfield>
    <subfield code="r">Ricardo L&#xF3;pez.</subfield>
  </datafield>
  <datafield tag="588" ind1=" " ind2=" ">
    <subfield code="a">Descripci&#xF3;n basada en metadatos suministrados por el editor y otras fuentes.</subfield>
  </datafield>
  <datafield tag="590" ind1=" " ind2=" ">
    <subfield code="a">Recurso electr&#xF3;nico. Santa Fe, Arg.: elibro, 2022. Disponible v&#xED;a World Wide Web. El acceso puede estar limitado para las bibliotecas afiliadas a elibro.</subfield>
  </datafield>
  <datafield tag="650" ind1=" " ind2="0">
    <subfield code="a">State, The.</subfield>
  </datafield>
  <datafield tag="650" ind1=" " ind2="4">
    <subfield code="a">Estado, El</subfield>
    <subfield code="x">Aspectos sociales</subfield>
    <subfield code="z">Am&#xE9;rica Latina.</subfield>
  </datafield>
  <datafield tag="651" ind1=" " ind2="0">
    <subfield code="a">Latin America</subfield>
    <subfield code="x">Social conditions.</subfield>
  </datafield>
  <datafield tag="651" ind1=" " ind2="4">
    <subfield code="a">Am&#xE9;rica Latina</subfield>
    <subfield code="x">Condiciones sociales.</subfield>
  </datafield>
  <datafield tag="655" ind1=" " ind2="4">
    <subfield code="a">Libros electr&#xF3;nicos.</subfield>
  </datafield>
  <datafield tag="700" ind1="1" ind2=" ">
    <subfield code="a">Estrada Saavedra, Marco,</subfield>
    <subfield code="d">1971-</subfield>
    <subfield code="e">autor.</subfield>
  </datafield>
  <datafield tag="700" ind1="1" ind2=" ">
    <subfield code="a">Brachet-M&#xE1;rquez, Viviane,</subfield>
    <subfield code="e">coordinador.</subfield>
  </datafield>
  <datafield tag="700" ind1="1" ind2=" ">
    <subfield code="a">Uribe G&#xF3;mez, M&#xF3;nica,</subfield>
    <subfield code="e">coordinador.</subfield>
  </datafield>
  <datafield tag="797" ind1="2" ind2=" ">
    <subfield code="a">elibro, Corp.</subfield>
  </datafield>
  <datafield tag="856" ind1="4" ind2="0">
    <subfield code="u">https://elibro.net/ereader/politecnicointernacional/194972</subfield>
  </datafield>
  <datafield tag="999" ind1=" " ind2=" ">
    <subfield code="c">19719</subfield>
    <subfield code="d">19719</subfield>
  </datafield>
</record>
